| 000 | 00740nam a2200229 i 4500 | ||
|---|---|---|---|
| 001 | 102631 | ||
| 003 | ES-MaACL | ||
| 005 | 20230906183140.0 | ||
| 007 | t| | ||
| 008 | 051123s1975 pr ||||1| spa d | ||
| 080 | _a821.134.2(83) Brunet, Marta 1.06 | ||
| 100 | 1 |
_aMelón de Díaz, Esther. _980020 |
|
| 245 | 1 | 3 |
_aLa narrativa de Marta Brunet / _cEsther Melón de Díaz. |
| 250 | _a1ª ed. | ||
| 260 |
_a[Río Piedras] : _bEditorial Universitaria, _c[1975] |
||
| 300 |
_a268 p. ; _c17 cm. |
||
| 490 | 1 |
_aUprex. Estudios literarios ; _v41 |
|
| 600 | 1 | 4 |
_aBrunet, Marta- _xCrítica e interpretación. _932166 |
| 830 | 0 |
_aUprex. Estudios literarios ; _v41 _9184780 |
|
| 852 |
_aES-MaACL _jE-11172 _bR.136857 |
||
| 999 |
_c102631 _d102631 |
||